[Event "SuperGM"]
[Site "Linares ESP"]
[Date "2002.03.08"]
[Round "12"]
[White "Ponomariov, Ruslan"]
[Black "Vallejo Pons, Francisco"]
[Result "1-0"]
[WhiteElo "2727"]
[BlackElo "2629"]
[Annotator "Hathaway, Mark"]

1. e4
{ Theoretically this is Ponomariov's best chance to win and get back into the race for first. But, in practice Vallejo Pons has proven tough to beat. }
1...c5 2. Nf3 e6 3. d4 cxd4 4. Nxd4 a6 5. Nc3
{ Finally, someone chooses not to play c2-c4. However, 5. Bd3 is considered better by most people. Nc3 is a waiting target for ...b7-b5 or might be pinned by ...Bf8-b4. Black usually plays strongly on the dark squares, as in many Sicilian Defense variations, with White defending Nd4 & Nc3 and trying to find a way to open lines to Ke8 or make something of the half open d-file. }
5...b5 6. Bd3
{ preparing to meet ...b5-b4 with Nc3-e2 }
6...Bb7
{ Taking aim at Pe4 isn't going to succeed the way it would in many other variations. Here White has taken extra precaution to keep Pe4 safe and left Nd4 a little weaker. Black should adjust his play in recognition of this. }
 ( 6...Qb6 
{ If Black can chase Nd4 back then there would be very little danger to Black; only the possibility of Nc3-d5 would have to be prevented. }
 ) 7. O-O Nc6 $6 8. Nxc6 Bxc6 9. Qe2
{ preparing Nc3-d5. This is a common tactic in a variation where Black hasn't quickly developed Ng8 and Bf8 to enable ...O-O. Ke8 is definately a target! }
9...Ne7
{ This takes care of the immediate threat, but also leaves Black's position awkward. }
10. Bd2
{ With Bf8 blocked from action on the queen-side White decides to threaten Pb5. Bd2 prepares a2-a4. }
10...Ng6 11. a4 b4 12. Nd5
{ Now he's combining both tactics (pressure on Pb4 and Nc3-d5) which might have the effect of overwhelming Black. }
12...a5 13. c3 b3 14. g3
{ He's preparing Nd5-e3 and disallowing ...Ng6-f4. It's not terribly pretty, but Nd5 will have to move eventually. }
 ( 14. f4 Bc5+ 15. Kh1 ( 15. Be3 Bxe3+ 16. Qxe3 O-O 17. Nb6 Rb8 18. Nc4 ) 15...O-O 16. Ne3 ) 14...Bd6 15. Ne3 O-O
{ For a position which has arisen from a Sicilian Defense this is very odd. The queen-side pawn formation is quite unusual and White's bishops on the d-file and Pg3 are peculiar. White should try to play on the d-file and perhaps try to win Pb3. He shouldn't allow Black to open the f-file with ...f7-f5. That would make Bc6 too good. So, Bd3-b5 to trade bishops might be useful. But, Pe4 needs defense, so Ne3 must move first. }
16. Nc4 Bc5 17. Be3 Qe7 18. Nd2
{ White threatens Pb3 and is ready to play Bd3-b5. }
18...Ne5 ( 18...Rab8 19. Bb5 
{ and Pb3 is still weak because a bishop trade opens the a-file to expose Pa5 }
 ) ( 18...Rfb8 19. Bc4 ) 19. Bxc5 Qxc5 20. Nxb3 Qd6 ( 20...Qb6 
{ attempts to overwork Qe2 in her defense of Pb2 and Bd3 }
 21. Nd4 Bb7 ( 21...Nxd3 22. Qxd3 Qxb2 $4 
{ but Black has to be careful too }
 23. Rfb1 $18 ) 22. Bb5 ) 21. Bb5 f5
{ Black tries to activate pieces in a desperate attempt to threaten Kg1, as compensation for the lost pawn. }
22. f4 Ng4 23. e5 Qd5 24. Bxc6 $16
{ Sometimes it's just that simple. White keeps the f-file closed, gets rid of Bc6 and consolidates all his advantages while letting Black have none. }
24...dxc6 25. Nd4 c5 26. Nb5 Rad8 27. h3 Nh6 28. Rfd1 Qb3 29. Rd6
{ Black has absolutely no offense, but he does have a weak Pe6 and trapped Qb3. White threatens Ra1-a3xb3. This looked as easy as Ivanchuk's victory and is more to be expected than the struggle Kasparov had to endure before gaining the full point against Vallejo Pons. It also puts Ponomariov right back into a tie for first with Kasparov. This sets up the climactic struggle between those two in the next round -- winner take all! }
1-0

[Event "SuperGM"]
[Site "Linares ESP"]
[Date "2002.03.08"]
[Round "12"]
[White "Ivanchuk, Vassily"]
[Black "Anand, Viswanathan"]
[Result "1/2-1/2"]
[WhiteElo "2717"]
[BlackElo "2757"]
[Annotator "Hathaway, Mark"]

1. d4 d5 2. Nf3
{ This is a flexible move which might still be followed by c2-c4, but could also lead to a Torre System (Bc1-g5) or London System (Bc1-f4) or Colle depending upon Black's response. }
2...e6
{ Is there much purpose to such a move or is he simply giving Ivanchuk something to think about, considering alternatives he might not have thought about during his pre-game preparations. Sometimes giving a person alternatives lets them go astray of their own accord. }
 ( 2...Nf6 
{ is most common }
 ) 3. g3
{ Since Pd5 will oppose White's Bf1 White will probably try c2-c4, but Black could still support Pd5 with ...c7-c6 (and Anand has played the Semi-Slav Defense) . }
 ( 3. e3 f5 ) ( 3. Bf4 Bd6 ) 3...Nf6 4. Bg2 Be7 5. c4
{ This can be effective to fight Pd5 because Black would be risking a lot to just play ...c7-c6 and hold on. Usually Black captures Pc4 and fights to activate his pieces with the belief White isn't so likely to play or be able to utilize e2-e4 because Bg2 would be blocked. }
5...O-O
{ After this Black is conceivably threatening to take Pc4 and hold onto it. }
6. Qc2 ( 6. b3 ) 6...c5
{ This is an attempt to show White hasn't put enough pressure on the center or developed quickly enough to avoid simplification. I wouldn't say this is a sharp attempt by Black to play for a win, though it is conceivable one would still win with the Black pieces. Pd5 is weaker than before, so cxd5 might loosen up Black's position a bit. }
7. dxc5 ( 7. cxd5 ) 7...Qa5+ 8. Nc3
{ blocking the check and blocking the c-file, so that after ...Qa5xc5 the threat to Pc4 can be met by cxd5 }
8...dxc4
{ This makes it a little more contentious. Black can easily capture Pc5. Can White get to Pc4? }
9. O-O Nc6 10. Bg5 Qxc5 11. Bxf6 Bxf6 12. Ne4 Qe7 13. Rfd1 ( 
{ It's not so easy for White to recover the material after }
 13. Nxf6+ Qxf6 14. Qxc4 Qxb2 15. Rab1 Qf6 16. Rfd1 Rd8 17. Nd2 
{ headed for c5 or d6 to pressure Pb7 }
 17...Rd4 18. Qc5 ) 13...b5 14. a4 Ba6 15. Nxf6+ Qxf6 ( 15...gxf6 16. Ng5 fxg5 17. Bxc6 ) 16. Rd6 Rac8
{ Black is steadfastly holding onto the pawn. White doesn't want to capture axb5 because he likes the alignment of Rd6 with Ba6; though opening the a-file at some point might be useful. }
17. Nd2
{ uncovering an attack on Nc6 from Bg2 }
 ( 17. Ng5 Qxg5 18. Rxc6 Rxc6 19. Bxc6 Qc5 20. axb5 Bxb5 21. Bxb5 Qxb5 22. Rxa7 ) ( 17. h4 
{ Threatening Nf3-g5 might be useful. }
 ) 17...Nd4 18. Qd1 Rcd8
{ Ba6 is stuck, so he prepares to meet Rxa6 with ...Nd4-b3 to win Nd2. It's getting very complicated. }
19. Ne4
{ This threatens Qxd4, so Black's queen has to continue defending Nd4. }
19...Qe5 20. f4
{ Now the queen has no choice, but to sacrifice for Rd6. }
 ( 20. Rxa6 $2 Nf3+ 21. Bxf3 Rxd1+ 22. Rxd1 b4 
{ and Pb2 is weak and Qe5 is very strong }
 ) ( 20. Qxd4 $4 Qxd4 21. Rxd4 Rxd4 $17 ) 20...Qxd6 21. Nxd6 Rxd6 22. e3 Nf5 23. Qe1
{ The mix of pieces is unusual and that complicates the task of both players. I wonder who offered the draw. I also find it interesting that Ivanchuk didn't make any headway against Ponomariov's Queen's Gambit Accepted or against Anand with the Catalan, where the basic idea of Black threatening to take and hold onto Pc4 is primary and for Black to play strongly with his pieces while Bg2 is (at least temporarily) blocked by Nf3 seems to give Black easy equality. }
1/2-1/2

[Event "SuperGM"]
[Site "Linares ESP"]
[Date "2002.03.08"]
[Round "12"]
[White "Adams, Michael"]
[Black "Kasparov, Garri"]
[Result "1/2-1/2"]
[WhiteElo "2742"]
[BlackElo "2838"]
[Annotator "Hathaway, Mark"]

1. e4 c5
{ Playing Adams in this tournament has been something akin to walking through a minefield. If Kasparov can get through unscathed he'll stay in the lead and get to the climactic matchup with Ponomariov in the next game. But, if he should lose he'll be the underdog in that big matchup. Adams or Shirov in the last round, could act as spoilers, but the fight is between Kasparov and Ponomariov. }
2. Nf3 d6 3. d4 cxd4 4. Nxd4 Nf6 5. Nc3 a6 ( 5...g6 
{ might be a good choice against the generally very quiet positional Adams }
 ) ( 5...Nc6 
{ seems to have almost disapeared from top-level tournaments (and matches) , though I don't know precisely why }
 ) 6. Be3 e6 7. Qf3
{ Wow, now this is something interesting. I've seen a New In Chess magazine theoretical article on 6. Qf3 and played 6. Bg5 e6 7. Qf3, but I've never seen it played after 6. Be3. The idea is usually to allow O-O-O without having Qd2 blocking the d-file and to be able to meet ...e6-e5 with Nd4-f5 (and possibly ...g7-g6 with Nf5-e3, so putting Be3 seems odd. It's weakness is that it blocks Pf2 from immediately moving to f4, so that means Black can use square e5 or at least he doesn't have to worry much about e4-e5. }
7...Nbd7 8. Be2
{ preparing g2-g4-g5 }
 ( 8. O-O-O) 8...h5
{ Yes, it prevents g2-g4, but what does Ke8 have to say about it? Does he feel safer now? I think Adams would be happy to have another weakness he can play against, without having extended his own position; just so he doesn't lose Qf3 because of it's exposure. }
9. Bg5 Qa5
{ threat: ...Qa5xg5 and possibly in some cases ...Nf6xe4 }
10. Bd2
{ Apparently he's willing to go to some length to not create any weaknesses Kasparov might utilize/exploit. }
 ( 10. Qe3 $2 Nxe4 ) ( 10. h4 $5 ) 10...Qb6 11. Nb3 Qc7
{ It would appear Black wants to play ...Nd7-e5-c4 or ...b7-b5 and ...Bc8-b7. }
12. a4
{ This move is slightly effective. It prevents ...b7-b5, so that after ...b7-b6 Pa6 will still need a defender. It also indicates White won't be castling to the queen-side and if he goes king-side one has to ask, "Is Qf3 well placed?" }
 ( 12. Qh3 b5 13. a3 Bb7 14. Bd3 ) 12...b6 13. Bg5
{ In many instances this freezes Nd7 as defender of Nf6. But, Black could spend a tempo on ...Bf8-e7 to take over that duty. }
13...Bb7 14. Rd1 Be7 15. Qe3
{ Adams is slowly rearranging his pieces to suit his needs in regard to playing against the slightly odd Black position. He might yet O-O and play f2-f4, but he is wisely repositioning his queen to prevent ...Nd7-c5 from being effective. Of course, that doesn't prevent ...Nd7-e5-c4. }
15...Nc5 $5 16. Nd2 $6
{ Why on earth is he avoiding that knight trade? Now Rd1 is blocked and Black can hardly be worse. }
 ( 16. Nxc5 bxc5 17. f4 ) 16...Rd8 ( 16...Bc6 
{ threatening Pa4 and preparing ...Qc7-b7 to pressure Pe4 }
 17. Bxf6 $6 gxf6 ( 17...Bxf6 $2 18. Nd5 Qd8 ) 18. Nd5 $2 exd5 19. exd5 Bxd5 ) 17. O-O Ng4 18. Bxg4 hxg4
{ Kasparov was fully prepared to have his Ng4 captured. With or without that he was hitting Ph2, so that ...d6-d5 could clear the way for ...Qc7xh2#. He wasn't going to ...O-O anyway, so this just gives Rh8 a way to play. That Black gains the two bishops is probably incidental, but may prove useful later. }
19. Bxe7 d5 20. Qg3 Qxg3 21. fxg3 Kxe7
{ And this is the result. Pe4 is en prise and Ph2 is very weak; if Black were to double rooks on the h-file it would probably fall. The open f-file isn't so bad for Black. He could play ...f7-f6 in a pinch, but Pg4 is quite weak. One Black advantage which could easily be overlooked is that his king is centralized and would be better in an endgame (I think the current situation is too complicated to be called an endgame and neither king would feel safe playing offensively) . }
22. exd5 $1
{ This creates a small conundrum for Black. If he recaptures with the bishop to keep the d-file open he has to allow Nc3xd5, but a pawn recapture blocks Bb7. }
22...exd5 23. Rde1+ Kf8 24. b4 Ne4 25. Ncxe4 dxe4 26. Nc4 $6 ( 26. Nxe4 $1 Bxe4 ( 26...Rd4 27. Rf4 Bc8 ( 27...g5 $4 28. Nxg5 ) ( 27...Rxb4 $4 28. Nd6 
{ threatening Re1-e8# }
 28...Bc6 29. Rxb4 ) 28. c3 $16 ) 27. Rxe4 Rd2 28. Rxg4 Rxc2 29. Rd4 $14 ) 26...Rh5 ( 26...Rh6 27. Ne5 ( 27. Rd1 ) 27...f6 28. Nxg4 Rh5 29. Rd1 Rhd5 30. Ne3 ) 27. Nxb6 Rd6 28. Nc4 Rd4 29. Ne3 Rxb4 30. Rd1 Re5 ( 30...Rxa4 31. Nf5 Kg8 32. Rd8+ Kh7 33. Rd7 ( 33. Nd6 Bd5 34. Nxf7 Bxf7 35. Rxf7 ) 33...Bc8 34. Rxf7 Bxf5 35. R1xf5 Rxf5 36. Rxf5 $15 ) 31. Rd7 Re7 32. Rd8+ Re8 33. Rd7 Re7 34. Rd8+
{ This was certainly one of the more curious oddly intricate games. It might have been the game of the tournament if he'd played 26. Nxe4 and went on to win. But, unlike the other players who've upset one another, this game (and the result) are more according to Kasparov's plan and he remains in first place. }
1/2-1/2

[Event "SuperGM"]
[Site "Linares ESP"]
[Date "2002.03.09"]
[Round "13"]
[White "Anand, Viswanathan"]
[Black "Adams, Michael"]
[Result "1/2-1/2"]
[WhiteElo "2757"]
[BlackElo "2742"]
[Annotator "Hathaway, Mark"]

1. e4 e5 2. Nf3 Nf6
{ Adams use of Petrov's Defense against Kasparov didn't fare too well. I wonder why he's repeating it here. }
3. Nxe5 d6 4. Nf3 Nxe4 5. d4 d5 6. Bd3 Nc6 7. O-O Be7
{ This is perhaps the most popular move at this point. It prepares ...O-O and blocks the e-file, but isn't very aggressively placed. }
 ( 7...Bg4 
{ is often followed by ...f7-f5 to fight on the light squares in a big way, but the danger is over-extension and a weakening of Pb7, e6 and f7 (near Ke8) }
 ) ( 7...Bd6 
{ aims for most effective piece development aimed at White's king-side, but leaves Black a little weak on the e-file }
 ) 8. c4
{ Since Black hasn't put any pressure on Nf3 or Pd4 White feels free to threaten Pd5 & Ne4. This adds more weight to White's offense before Nb1-c3. }
 ( 8. Re1 Nf6 ( 8...f5 9. c4 
{ and Black's center isn't easily supported }
 ) ) 8...Nb4 9. Be2 O-O 10. Nc3 ( 10. a3 
{ Kasparov-Adams, round 5, 1-0 in 47 moves }
 ) 10...Bf5 11. a3 Nxc3 12. bxc3 Nc6
{ and even after this knight has retreated Black uses Bf5 to challenge for control of the most useful diagonal b1-h7 }
13. cxd5 Qxd5
{ By transposition they've arrived at the same position as Kasparov-Adams. }
14. Re1
{ I don't see that this move makes much sense until he's prepared another place for Be2. As things stand Be2 can hardly move, so Re1 is pretty well blocked. }
 ( 14. c4 
{ quickly before Black gets in ...Nc6-a5 (controlling c4) and possibly even ...c7-c5 to break up White's central pawns }
 14...Qe4 ( 14...Qd6 ) ) 14...Rfe8 ( 14...Na5 15. Ne5 ( 15. Bd3 Bd6 ) 15...c5 16. Bf3 Qb3 17. Qxb3 Nxb3 18. Ra2 cxd4 ) 15. Bf4 Rac8 16. c4 Qe4 17. Be3 Bf6 18. Ra2 b6 19. h3 Na5 20. g4 Bg6 21. g5 Be7 22. Ne5 Bd6 23. Nxg6 hxg6 24. c5 Bf8 25. Bg4 Rcd8 26. Rae2 Qc6
{ The preceding moves with no notes should not be taken as perfect or needing no commentary. It's just they are the same moves as Kasparov-Adams from round 5. It's curious that Adams lost that game and yet drew this one with only one new move. That's quite a feat. }
27. cxb6
1/2-1/2